Allende: Visión de un militante

Guardat en:
Dades bibliogràfiques
Autor principal: Suárez Bastidas, Jaime (Autor)
Format: Llibre
Idioma:espanyol
Publicat: Santiago Ochoymedio 2008
Edició:2a. ed
Matèries:
Etiquetes: Afegir etiqueta
Sense etiquetes, Sigues el primer a etiquetar aquest registre!

MARC

LEADER 00000nam a2200000 a 4500
001 UCH2452
003 CL-VaPUC
008 090611e20081100CL |||||||||||||||||spa|d
020 |a 9789568018597 
082 0 4 |a 923.183  |b SUA  |2 21 
100 0 |a Suárez Bastidas, Jaime  |e author  |9 537272 
245 1 0 |a Allende: Visión de un militante 
250 |a 2a. ed 
300 |a 208 p 
942 |c BK 
945 |d 20090611 00:00:00  |a dcastane 
260 |a Santiago  |b Ochoymedio  |c 2008 
600 0 |a Allende Gossens, Salvador,   |d 1908-1973  |9 257222 
650 0 |a Biografías  |9 255210 
650 7 |a REMINISCENCIAS  |2 CL-VaPUC  |9 321913 
650 0 |a Campañas políticas  |9 537273 
651 7 |a CHILE  |2 CL-VaPUC  |9 537274 
583 |a last modification  |c 20090611 00:00:00  |k Rodrigo Vera 
999 |c 334192  |d 334190 
952 |0 0  |1 0  |4 0  |6 923_183000000000000_SUA_2008  |7 0  |8 A  |9 423031  |a BIBHIS  |b BIBHIS  |d 2019-11-22  |i 4560655  |o 923.183 SUA 2008  |p 4560655  |r 2025-01-20  |w 2019-11-22  |y BK  |k HIS